One Direction name the song quiz. - Statistics

General Stats
  • This quiz has been taken 208 times
  • The average score is 11 of 25
Answer Stats
Answer % Correct
you and i
90%
midnight memories
82%
olivia
80%
18
73%
steal my girl
66%
little things
65%
they dont know about us
62%
what makes you beautiful
62%
i would
59%
better than words
57%
i wish
52%
i want
51%
night changes
41%
long way down
33%
half a heart
30%
walking in the wind
28%
perfect
27%
home
25%
no control
25%
shes not afraid
20%
moments
11%
same mistakes
10%
loved you first
9%
right now
9%
ready to run
1%
No matching quizzes found
Score Distribution
Percent of People with Each Score
Percentile by Number Answered
Your Score History
You have not taken this quiz